000 00317nam a22001337a 4500
008 230619b xxu||||| |||| 00| 0 eng d
020 _a8472081311
082 _a155.90
_bMEL
100 _cDr. Julian Melgosa
245 _aLess Stress!
260 _aSpain
_bEditorial Safeliz
_c2001
300 _a189p
942 _2ddc
_cBK
999 _c1186
_d1186